|
|
|
|
| LEADER |
00000nam a22000007a 4500 |
| 005 |
20150129181829.0 |
| 007 |
cr|||| |||| |
| 008 |
150129s2014 sp |||||s|||| 00||0 spa d |
| 020 |
|
|
|a 978-84-7351-364-7
|
| 035 |
|
|
|a 12577
|
| 040 |
|
|
|a vLex
|
| 090 |
|
|
|c 5334
|d 5334
|
| 245 |
0 |
4 |
|a Los funcionarios ante el espejo
|h [Recurso electrn̤ico] :
|b Anl̀isis del ciclo de la seleccin̤ de personal en la Administracin̤ General del Estado
|
| 256 |
|
|
|a Servicio en ln̕ea
|
| 260 |
|
|
|a Madrid :
|b Instituto Nacional de Administracin̤ Pb︢lica (INAP),
|c 2014
|
| 300 |
|
|
|a 1 recurso electrn̤ico
|
| 506 |
1 |
|
|a Contenido solo disponible en los productos indicados
|d vLex Global
|d vLex Global (Academic Edition, excluding Law Schools)
|d vLex Global (U.S. Academic Edition, Law Schools)
|d vLex Global (U.S. Academic Edition, excluding Law Schools)
|d vLex Global (Academic Edition, Law Schools)
|
| 650 |
0 |
4 |
|a Funcionarios
|z Espaą
|
| 650 |
0 |
4 |
|a Administracin̤ pb︢lica
|z Espaą
|
| 740 |
0 |
|
|a vLex Libros (Servicio en ln̕ea)
|
| 856 |
4 |
0 |
|u http://vlex.com/source/funcionarios-ante-el-espejo-analisis-del-ciclo-de-la-seleccion-de-personal-en-la-administracion-general-del-estado-12577
|z Acceso restringido
|
| 942 |
|
|
|c BOOK
|
| 999 |
0 |
|
|a Public officers
|
| 999 |
0 |
|
|a Public administration
|